MARC details
| 000 -LEADER |
| fixed length control field |
01074nam a2200265 a 4500 |
| 008 - FIXED-LENGTH DATA ELEMENTS--GENERAL INFORMATION |
| fixed length control field |
120416s1997 ||||||||||||||||| || u |
| 020 ## - INTERNATIONAL STANDARD BOOK NUMBER |
| International Standard Book Number |
0521556120 |
| 050 ## - LIBRARY OF CONGRESS CALL NUMBER |
| Classification number |
JC 458 Bra |
| 100 ## - MAIN ENTRY--PERSONAL NAME |
| Personal name |
Bratton, Michael |
| 245 10 - TITLE STATEMENT |
| Title |
Democratic experiments in Africa |
| 246 ## - VARYING FORM OF TITLE |
| Title proper/short title |
regime transitions in comparative perspective |
| 260 ## - PUBLICATION, DISTRIBUTION, ETC. |
| Place of publication, distribution, etc. |
Cambridge |
| Name of publisher, distributor, etc. |
Cambridge University Press |
| Date of publication, distribution, etc. |
1997 |
| 300 ## - PHYSICAL DESCRIPTION |
| Extent |
xvi, 307 p. : ill. |
| 350 ## - PRICE (NR) (BK AM CF MU VM SE) [OBSOLETE] |
| Price |
0.00 |
| 490 ## - SERIES STATEMENT |
| Series statement |
Cambridge studies in comparative politics |
| 500 ## - GENERAL NOTE |
| General note |
Includes bibliographical references (p. 289-297) and index. |
| 650 ## - SUBJECT ADDED ENTRY--TOPICAL TERM |
| Topical term or geographic name entry element |
TEXTBOOKS |
| 650 ## - SUBJECT ADDED ENTRY--TOPICAL TERM |
| Topical term or geographic name entry element |
POLITICS |
| 650 ## - SUBJECT ADDED ENTRY--TOPICAL TERM |
| Topical term or geographic name entry element |
DEMOCRACY--AFRICA, SUB-SAHARAN |
| 700 ## - ADDED ENTRY--PERSONAL NAME |
| Personal name |
Van de Walle, Nicolas, 1957- |
| 856 ## - ELECTRONIC LOCATION AND ACCESS |
| Uniform Resource Identifier |
<a href="http://www.loc.gov/catdir/toc/cam026/96034865.html">http://www.loc.gov/catdir/toc/cam026/96034865.html</a> |
| 856 ## - ELECTRONIC LOCATION AND ACCESS |
| Uniform Resource Identifier |
<a href="http://www.loc.gov/catdir/samples/cam031/96034865.html">http://www.loc.gov/catdir/samples/cam031/96034865.html</a> |
| 856 ## - ELECTRONIC LOCATION AND ACCESS |
| Uniform Resource Identifier |
<a href="http://www.loc.gov/catdir/description/cam028/96034865.html">http://www.loc.gov/catdir/description/cam028/96034865.html</a> |
| 995 ## - RECOMMENDATION 995 [LOCAL, UNIMARC FRANCE] |
| -- |
0.00 |
| -- |
CBU-MAIN LIBRARY (Kitwe) |
| -- |
1 |
| -- |
31.00 |
| -- |
1 |
| -- |
AVAILABLE |
| -- |
Main Library Open Access Collection |